00271nam a2200109Ia 4500008004100000020001800041100002100059245002100080260002600101300001400127650002000141180309s9999 xx 000 0 und d a9780373771325 aSkully, Jennifer aSheer dynamite / aUSA :b2006cHQNBooks a379 pages aRomance fiction